书目信息 |
| 题名: |
中国人民银行六十年
|
|
| 作者: | ;中国人民银行 编著 | |
| 分册: | ||
| 出版信息: | 北京 中国金融出版社 2008 |
|
| 页数: | 417页 | |
| 开本: | 29cm | |
| 丛书名: | ||
| 单 册: | ||
| 中图分类: | F832.31 , F832.31 | |
| 科图分类: | ||
| 主题词: | 经济史 , 金融 , 银行 | |
| 电子资源: | ||
| ISBN: | 978-7-5049-4844-1 | |
| 000 | 01036nam0 2200313 450 | |
| 001 | 1357137578 | |
| 005 | 20131010155301.70 | |
| 010 | @a978-7-5049-4844-1@dCNY70.00 | |
| 090 | @aF832@bzgr | |
| 096 | @aF832@bzgr | |
| 100 | @a20090218d2008 em y0chiy50 ea | |
| 101 | 0 | @achi |
| 102 | @aCN@b110000 | |
| 105 | @aa z 001yy | |
| 106 | @ar | |
| 200 | 1 | @a中国人民银行六十年@b专著@e1948-2008@f中国人民银行编著@Azhong guo ren min yin hang liu shi nian |
| 210 | @a北京@c中国金融出版社@d2008 | |
| 215 | @a417页@c照片(40页)@d29cm | |
| 330 | @a本书记录了中国人民银行六十年的历史,包括中国人民银行六十年珍贵图片、中国人民银行六十年大事记、中国人民银行六十年大纪事索引等部分。 | |
| 601 | 02 | @a中国人民银行 |
| 601 | 02 | @a中国人民银行@x经济史@z1948~2008 |
| 606 | 0 | @a经济史 |
| 606 | 0 | @a金融 |
| 606 | 0 | @a银行 |
| 690 | @aF832.31@v4 | |
| 690 | @aF832.31@v4 | |
| 711 | 02 | @a中国人民银行@4编著@Azhong guo ren min yin hang |
| 801 | 0 | @aCN@b大连网信软件有限公司图书馆·11@c20131010 |
| 905 | @aZUCC@dF832.31@e88 | |
| 中国人民银行六十年:1948-2008/中国人民银行编著.-北京:中国金融出版社,2008 |
| 417页:照片(40页);29cm |
| ISBN 978-7-5049-4844-1:CNY70.00 |
| 本书记录了中国人民银行六十年的历史,包括中国人民银行六十年珍贵图片、中国人民银行六十年大事记、中国人民银行六十年大纪事索引等部分。 |
| ● |
| 相关链接 |
|
|
|
|
正题名:中国人民银行六十年
索取号:F832.31/88
 
预约/预借
| 序号 | 登录号 | 条形码 | 馆藏地/架位号 | 状态 | 备注 |
| 1 | 0625759 | 206257593 | 第一样本阅览室/ [索取号:F832.31/88] | 在馆 | |
| 2 | 0625760 | 206257600 | 第一借阅区/ [索取号:F832.31/88] | 在馆 | |
| 3 | 0625761 | 206257619 | 第一借阅区/ [索取号:F832.31/88] | 在馆 |